Quizzes
Events
Quiz Creation
Community
Videos
Private Events
Remove Ads
Sign In
Join for FREE
Feedback
Dark Mode
Quiz Categories
Sports
Geography
Music
Movies
Television
Just For Fun
Miscellaneous
History
Literature
Language
Science
Gaming
Entertainment
Religion
Holiday
For Kids
Quiz Lab
Recent
Popular Today
Quiz Kudos Today
Editor Picks
Curator Picks
Quizzes by...
Day
Popularity
Type
Ratings
Length
Year
Community
Subscriptions
Recent Discussions
Orange Saloon
Badges
Playlists
Quests
Create
Leaderboards
Showdown
Live 5
Trivia Bingo
Activity
Puzzle Library
Sporcle Events
Private Events
Virtual Trivia
Globe League
Become a Host
Pub Owners
SporcleCon
Opinionation
Our Games
Videos
Blog
Mobile Apps
Partnerships
Remove Ads and Go Orange
Feedback
Geography
Country
Landmarks
City
State
Population
World
Capital
Continent
Flags
Europe
Africa
Asia
South America
North America
Oceania
Border
Canada
United Kingdom
Topography
United States
Geography
Country
Landmarks
City
State
Population
World
Capital
Continent
Flags
Europe
Africa
Asia
South America
North America
Oceania
Border
Canada
United Kingdom
Topography
United States
Random Quiz
Search Sporcle
×
Quiz Lab
Quiz Lab
Geography
Country
Type in answers that appear in a list
Type in answers that appear in a list
Classic
Best Score? Go Orange.
Freedom of Relgion Stats
Can you name the countries with the most & least freedoms of religion by government and social hostility restrictions?
By
misha
5m
80 Questions
506 Plays
506 Plays
506 Plays
Comments
Comments
Give Quiz Kudos
Give Quiz Kudos
-
- Ratings
hide this ad
Replay
Link that replays current quiz
Next Quiz
Link to next quiz in quiz playlist
You Got
0%
They Got
Avg Score
46%
Avg Friend Score
Upgrade to see
Score Distribution
Jump to the score distribution portion of the page
Score
0/80
Timer
05:00
0
Plays Today
% Correct
Iran
87.7%
Iran
87.7%
Saudi Arabia
84.2%
Saudi Arabia
84.2%
China
83%
Iraq
83%
China
83%
United Kingdom
81.8%
Canada
76.5%
Russia
75.9%
India
74.9%
Israel
73.7%
Pakistan
73.5%
Pakistan
73.5%
Afghanistan
73.5%
Yemen
70.9%
Japan
70.6%
Syria
69%
Egypt
68.2%
Egypt
68.2%
Equatorial Guinea
66.2%
Turkey
63.4%
Libya
60.1%
Somalia
59.5%
Indonesia
59.3%
Indonesia
59.3%
Algeria
58.5%
Lebanon
58.1%
Lebanon
58.1%
Italy
57.9%
Sudan
57.7%
Spain
56.1%
Spain
56.1%
Vietnam
53.2%
Bangladesh
53%
Niger
51.4%
Iceland
51.2%
Nigeria
49.4%
Malaysia
49.2%
Malaysia
49.2%
% Correct
Myanmar
49%
Netherlands
47%
Turkmenistan
45.8%
Nepal
45.8%
Uzbekistan
45.1%
Tajikistan
42.1%
Sri Lanka
41.9%
Bhutan
39.7%
Kyrgyzstan
39.1%
Mauritania
38.5%
Austria
37.9%
Mongolia
37.7%
Eritrea
37.2%
Belarus
36.8%
Brunei
34.8%
Maldives
29.8%
Colombia
27.5%
Venezuela
25.5%
Cyprus
24.9%
Hungary
23.1%
Peru
21.9%
Slovakia
21.9%
Rwanda
20.6%
Lithuania
20.2%
Comoros
19.6%
Kosovo
17.6%
Togo
16.4%
Ivory Coast
15.4%
Madagascar
15.4%
Papua New Guinea
15.4%
Burundi
15.2%
Costa Rica
15%
Sierra Leone
12.6%
Tonga
12.3%
Tuvalu
10.9%
Tuvalu
10.9%
Nauru
10.7%
Vanuatu
10.3%
Republic of Macedonia
10.1%
Trinidad and Tobago
5.3%
Quiz Playlist
Details
Report
Send in Message
Add To Playlist
Classic:
Type in answers that appear in a list
Quiz Source
Last Updated: Feb 16, 2017
Quiz Scoreboard
CHALLENGE
Sign Up to Join the Scoreboard
Show All
Scores
Hide
Comments
May contain spoilers
Recently Published
Movies - When Are They Set?
by FPL_Elf
Movies
5m
Popular People in 1961
by mucciniale
History
6m
1-10 Letter E Words III
by El_Dandy
Language
2m
More to Explore
Quiz From the Vault
Featured Blog Post
Where Did the Easter Bunny Come From?
hide this ad
You Might Also Like...
Tags
Country Quiz
Freedom
Government
least
social
Today's Top Quizzes in Geography
Browse Geography
hide this ad
Today's Top Quizzes in Country
Browse Country
Top Contributed Quizzes in Geography
1
Countries of the World - No Outlines Minefield
2
Top 25 Cities of France on a map
3
Closest Countries to UK A-Z
4
One Thing in Common: United Kingdom
5
Any capital of a 'B' country per Continent
6
Blind Secret Country CLXXXVIII
7
African Flag Reveal XLV
8
Blind Ultimate Minefield: USA
9
Find the US States - No Outlines
10
One Thing in Common: Asia
Explore More
Trending Topics
Harry Potter
Marvel
NBA
Crossword
Disney
Kpop
Anime
NFL
Puzzle
Song
The Office
WWE
Pokémon
Country
Soccer
hide this ad
More By:
misha
Quiz
Plays
Rating
Category
Featured
Created
World Metro/Subway Systems
1,765
4.00
Geography
Apr 14, 2010
European Union from Abbreviations
995
4.20
Geography
Mar 1, 2010
Highest City Immigration Index
744
3.58
Geography
Apr 13, 2010
Freedom of Relgion
506
4.00
Geography
Jan 16, 2012
Last Baseball Players to Wear #42
206
5.00
Sports
Apr 16, 2010
Go to Creator's Profile
Score Distribution
Quiz Creator Spotlight
misha
Follow
Send a Message
Quizzes Created
-
Created Quiz Play Count
-
More By This Creator
Popular Quizzes Today
1
Find the Countries of Europe - No Outlines Minefield
2
Find the US States - No Outlines Minefield
3
The Countries of the World
4
Popular People in 1961
5
US States
6
1-10 Letter E Words III
7
Find the US States
8
One Thing in Common: World Cities II
More Geography Quizzes
4 to 1 Blitz: Nepal
Quiz Lab
Trending Quizzes
Risky Map Clicking: Least Populous States A-Z
1-10 Letter F Words
1-10 Letter G Words
One Thing in Common: United Kingdom
Risky Map Clicking: Next State Alphabetically
Recently Updated
Leaping Animals
pecheneg
Reality TV Shows (A-Z)
bhenderson79
Rickey Henderson's Hall of Fame Teammates
pecheneg
Champions League XIs: Arsenal
pecheneg
Quick Pick: Celebrities in WWE's Hall of Fame
aduchscher
A-Z Keypad Blitz II
pecheneg
Multiple Oscar Actors
pecheneg
Mystery Phrase Blitz: Oscar 'Best Actors'
pecheneg
F. Scott Fitzgerald Novels
LTH
Pick 3 Villains
ddd62291
Trending Topics
Kpop
Harry Potter
Anime
Disney
Crossword
Marvel
NBA
NFL
The Office
WWE
Puzzle
Soccer
Pokémon
Song
Country
Your Account Isn't Verified!
In order to create a playlist on Sporcle, you need to verify the email address you used during registration. Go to your
Sporcle Settings
to finish the process.
Report this User
Report this user for behavior that violates our
Community Guidelines
.
Details:
Send Report
Go to the Sporcle.com Mobile Site →
Comments